1632 1219 1219 1217 1734 1198 1937 1151 1036 1809 1983 1415 1847 1462 1525 1422 1034 1415 1682 1035 1713 1608 1308 1462 1236 1560 1851 1730 1570 1434 1528 1251 1497 1816 1298 1594 1084 1660 1963 1739 1393 1417 1273 1940 1337 1938 1230 1427 1857 1906 1093 1165 1702 1572 1948 1863 1608 1584 1426 1725 1899 1628 1853 1856 1297 1864 1260 1569 1854 1627 1450 1142 1769 1941 1251 1958 1327 1279 1640 1889 1896 1328 1781 1118 1036 1437 1234 1546 1306 1197 1150 1708 1740 1658 1121 1317 1299 1173 1542 BCNSPRNW ULIB Ver.6.0+V

เปลี่ยนเป็นภาษาไทย

Change to English
 แสดงรายละเอียดบรรณานุกรม
  กลับหน้าหลัก

Brief Record : Get Marc (ISO 2709) : E-mail record : QR code < ปิดหน้าต่าง
LEADER : 00000nam 2200000uu 4500
001    13399124517
003     ULIB
008    150818s2542||||th 000 0 tha d
020    9789742552787 (ล.2)
020    9742552789 (ล.2)
090    นว.^bพ541ส ล.2
100 0  พัดชา
245 00 สามี เล่ม2/^cพัดชา
250    พิมพ์ครั้งที่ 2
260    กรุงเทพฯ :^bบูรพาสาส์น(1991)จำกัด,^c2542
300    552 หน้า
945    ^p350^l0^i23109
995    ทศพร
999     ^aใช้งานได้ทุกระบบ
รายการนี้ยังไม่มีแท็ก
คุณยังไม่ได้ล็อกอิน คุณสามารถมีกิจกรรมร่วมกับเว็บไซต์ได้ แต่ต้องล็อกอินก่อน ::
  ล็อกอิน

รายการสื่อสารสนเทศ

ลำดับที่ ประเภท เลขเรียก/บาร์โค้ด สถานที่ สถานะ
1. นวนิยาย
นวนิยาย
นว. พ541ส ล.2 ฉ.1 
  Barcode: 23109
ห้องสมุดวิทยาเขตนครสวรรค์
►นวนิยาย:l:Fiction
บนชั้น

รายการใกล้เคียง
    ผู้แต่ง [พัดชา]

BibComment


ยังไม่เคยถูกคอมเมนท์

คอมเมนท์ทรัพยากรรายการนี้
  คอมเมนท์: สามี เล่ม2 พัดชา


 Copyright 2026. Bcnsprnw @Library